000 00884nmm a2200277 a 4500
001 ocm0001682944
003 TR-IsHL
005 20201028165702.0
008 171115s2016 tu tur
007 cr cn
020 _a9786058488632
035 _a1682944
_b(N$T)
050 0 4 _aDS51.A2
_bY87 2016
090 0 4 _aDS51.A2
_bY87 2016
100 1 _aYurtsever, Cezmi
245 1 0 _aPozantı tarihi
_h[electronic resource] /
_cCezmi Yurtsever
260 _aİstanbul :
_bPozantı Belediyesi,
_c2016
300 _a248 p.
500 _aKaynakça var.
_x
650 4 _aTarih
650 4 _aHistory
650 0 _aPozantı, Adana (Türkiye)
_x Tarih
650 0 _aPozantı, Adana (Turkey)
_x History
650 7 _aHISTORY / Middle East / Turkey & Ottoman Empire
_2bisacsh
856 4 0 _uhttp://search.ebscohost.com/login.aspx?direct=true&scope=site&db=e011xww&AN=1682944
999 _c15934
_d15934